00652nam a2200193Ia 4500008004100000020001400041082001500055100001800070245004800088250000700136260004600143300002700189500001900216600002100235650005000256942000700306952013000313999001500443240925s9999 xx 000 0 und d a442222610 a005.13 ELF aElfring, Gray 0aMicrocomputer Assembly Language Programming aNA aWokingham:bVan Nostrand Reinholdc,1984. axi,468p.bNAfOriginal aIncludes Index aComputer Science aComputer science, information & general works cBK 001040708CSaUITUbUITUd1996-05-04eUIT Friends of USA g18.00l0o005.13 ELFpQ0671r2024-09-25 07:12:10w2024-09-25yBK c3170d3170